00345 a2200145 450000100060000002000180000604000220002410000180004624000440006424500390010830000080014736200090015544000120016465000230017661505 a9788508153923 cAnchieta - Pituba aKass, Mallory10aO livro negro da família Cachilllpor10aO livro negro da família Cachill a1770 a2011 1aÁtica 4aLiteratura juvenil